00358nam a2200109Ia 4500008004000000082001600040100001400056245007400070260005300144300001100197650004000208210210b1978 xxu||||| |||| 00| 0 eng d a530.02 MINU aMIN CHEN. aUniversity of California, Berkeley physics problems , with solutions. aNDbPrentice-Hall of India Private Limitedc1978 aix,355 aBerkeley physics problems solutions